000 00657nam a22002057a 4500
005 20240530110928.0
008 220214s1990 ua g 000 p ara d
017 _bمصر. دار الكتب
_a1990/1951
020 _a9771483986
040 _aEG-CaGPL
_cEG-CaGPL
082 0 4 _221
_a811.09\
_bح أ
100 0 _aحسن عبدالله القرشى
245 1 0 _aاطياف من رماد الغربة :
_bشعر /
_cحسن عبدالله القرشى
250 _aط. 1
260 _aالقاهرة :
_bدار الشروق ،
_c1990
300 _a86 ص. ؛
_c20 سم.
650 0 7 _2qrmak
_aالشعر العربى
651 _2qrmak
942 _2ddc
_cBK
999 _c66603
_d66603